TÜBA-KED: (Record no. 200431100)
[ view plain ]
| 000 -LEADER | |
|---|---|
| fixed length control field | 00846nas a2200289 i 4500 |
| 003 - CONTROL NUMBER IDENTIFIER | |
| control field | TR-AnTOB |
| 005 - DATE AND TIME OF LATEST TRANSACTION | |
| control field | 20201118090933.0 |
| 007 - PHYSICAL DESCRIPTION FIXED FIELD--GENERAL INFORMATION | |
| fixed length control field | ta |
| 008 - FIXED-LENGTH DATA ELEMENTS--GENERAL INFORMATION | |
| fixed length control field | 180808c20039999tu ar ||| 00| 0 tur d |
| 022 ## - INTERNATIONAL STANDARD SERIAL NUMBER | |
| International Standard Serial Number | 1304-2440 |
| 040 ## - CATALOGING SOURCE | |
| Original cataloging agency | TR-AnTOB |
| Language of cataloging | eng |
| Description conventions | rda |
| Transcribing agency | TR-AnTOB |
| 041 0# - LANGUAGE CODE | |
| Language code of text/sound track or separate title | Türkçe |
| 050 0# - LIBRARY OF CONGRESS CALL NUMBER | |
| Classification number | DR431 |
| 099 ## - LOCAL FREE-TEXT CALL NUMBER (OCLC) | |
| Classification number | JOURNAL TUB KE |
| 222 ## - KEY TITLE | |
| Key title | TÜBA-KED |
| 245 00 - TITLE STATEMENT | |
| Title | TÜBA-KED: |
| Remainder of title | Türkiye Bilimler Akademisi Kültür Envanteri Dergisi / |
| Statement of responsibility, etc. | Türkiye Bilimler Akademisi. |
| 264 #1 - PRODUCTION, PUBLICATION, DISTRIBUTION, MANUFACTURE, AND COPYRIGHT NOTICE | |
| Place of production, publication, distribution, manufacture | Ankara : |
| Name of producer, publisher, distributor, manufacturer | Türkiye Bilimler Akademisi. |
| Date of production, publication, distribution, manufacture, or copyright notice | 2003- |
| 300 ## - PHYSICAL DESCRIPTION | |
| Extent | volumes : |
| Other physical details | illustrations ; |
| Dimensions | 30 cm. |
| 310 ## - CURRENT PUBLICATION FREQUENCY | |
| Current publication frequency | yearly |
| 336 ## - CONTENT TYPE | |
| Content type term | text |
| Content type code | txt |
| Source | rdacontent |
| 337 ## - MEDIA TYPE | |
| Media type term | unmediated |
| Media type code | n |
| Source | rdamedia |
| 338 ## - CARRIER TYPE | |
| Carrier type term | volume |
| Carrier type code | nc |
| Source | rdacarrier |
| 362 ## - DATES OF PUBLICATION AND/OR SEQUENTIAL DESIGNATION | |
| Dates of publication and/or sequential designation | ıssue 1 (2003)- |
| 710 ## - ADDED ENTRY--CORPORATE NAME | |
| Corporate name or jurisdiction name as entry element | Türkiye Bilimler Akademisi |
| 9 (RLIN) | 27420 |
| 942 ## - ADDED ENTRY ELEMENTS (KOHA) | |
| Source of classification or shelving scheme | Library of Congress Classification |
| Koha item type | Continuing Resource |
| Serial record | 1 |
No items available.
